00947nam a2200265 a 450000500170000000800410001701000140005802000260007202000150009803500130011303700150012604000180014108200190015924500770017826000470025530000460030244000880034850000510043652000240048765000370051165000240054870000170057270000240058985600680061320060722155810.0030918s2003 ii ab b 001 0 eng  aENG-91552 a9780195698909c545.00 a0195698908 aEN-75085 bDBAD / PUB adplbEnglish  a305.9069180954 aNomadism in South Asia /cedited by Aparna Rao (and) Michael J. Casimir. aNew Delhi bOxford University Press,c2008 axvi, 543 p. :bill., maps ;c22 cm (pbk)  aOxford in India readings in sociology and social anthropology/edited by T.N. Madan  aIncludes bibliographical references and index. aContributed essays. aMigration, InternalzSouth Asia. aNomadszSouth Asia. aRao, Aparna. aCasimir, Michael J. uhttp://www.loc.gov/catdir/enhancements/fy0615/2003321544-d.html